Is it an Island - Statistics

General Stats
  • This quiz has been taken 45 times
  • The average score is 10 of 12
Answer Stats
Question Answer % Correct
Estonia False
98%
Sri Lanka True
98%
Madagascar True
98%
Sicily True
95%
Crete True
93%
Costa Rica False
90%
Bermuda True
90%
Mauritius True
88%
Great Britain True
88%
Greenland True
59%
The Province of Newfoundland False
49%
Australia False
41%
No matching quizzes found
Score Distribution
Percent of People with Each Score
Percentile by Number Answered
Your Score History
You have not taken this quiz